| 000 | 00361nam a2200121Ia 4500 | ||
|---|---|---|---|
| 005 | 20251222143136.0 | ||
| 008 | 251222s9999||||xx |||||||||||||| ||spa|| | ||
| 020 | _a9972-2679-2-X | ||
| 082 | _a362.1/O65/2006 | ||
| 245 | 0 | _aEstableciendo un Diálogo sobre los Riesgos de los Campos Electromagnéticos | |
| 264 | _bOrganización Mundial de la Salud | ||
| 942 | _cLIB | ||
| 999 |
_c12101 _d12101 |
||